00229pab a2200097 454500008003600000100001400036245003200050650001400082650001600096773001900112180718b xxu||||| |||| 00| 0 eng d aRai, Usha aKonkan railroads all in way a Railways aEnvironment aIndian Express